All'amico che non mi ha salvato la vita /

में बचाया:
ग्रंथसूची विवरण
मुख्य लेखक: Guibert, Hervé
स्वरूप: पुस्तक
प्रकाशित: Parma: Guanda, 1990
टैग: टैग जोड़ें
कोई टैग नहीं, इस रिकॉर्ड को टैग करने वाले पहले व्यक्ति बनें!

MARC

LEADER 00000nam a22000007i 4500
001 68
003 NUMERAZIONE-ORIGINALE-BRESCIA
005 20260421114349.0
008 910325s1991 it |||||| ||||| |||||c
040 |c arcigay brescia 
100 |a Guibert, Hervé 
245 0 |a All'amico che non mi ha salvato la vita /  |c Hervé Guibert 
260 |a Parma:  |b Guanda,  |c 1990 
500 |a Narratori della fenice 
942 |2 ddc  |c BK  |n 0 
952 |0 0  |1 0  |2 ddc  |4 0  |6 11  |7 0  |9 28254  |a BS  |b BS  |d 2026-02-06  |i 68  |l 0  |o 1-1-*  |r 2026-02-06 22:40:31  |w 2026-02-06  |x [REVISIONARE]  |y BK 
999 |c 23950  |d 23950